[Event "11th IBM tournament"]
[Site "Amsterdam NED"]
[Date "1971.07.17"]
[Round "5"]
[White "Timman, Jan"]
[Black "Keres, Paul"]
[WhiteElo "2445"]
[BlackElo "2615"]
[Result "0-1"]
[EventDate "1971.07.13"]
[PlyCount "50"]

1.d4 Nf6 2.c4 e6 3.Nc3 Bb4 4.e3 c5 5.Nf3 b6 6.Be2 Bb7 7.O-O O-O 8.Na4 Qe7 
9.a3 Ba5 10.dxc5 bxc5 11.Nxc5 Qxc5 12.b4 Qc7 13.bxa5 Ng4 14.g3 Nc6 15.Bd2 
Nxa5 16.Ng5 Nf6 17.Bb4 Rfc8 18.Bh5 Nxc4 19.Bxf7+ Kh8 20.Qd4 h6 21.f4 hxg5 
22.fxg5 Qc6 23.Ra2 Ne5 24.gxf6 Qh1+ 25.Kf2 Qg2+ 0-1

[Event "11th IBM tournament"]
[Site "Amsterdam NED"]
[Date "1971.07.19"]
[Round "6"]
[White "Scholl, Eduard"]
[Black "Timman, Jan"]
[WhiteElo "2430"]
[BlackElo "2445"]
[Result "0-1"]
[EventDate "1971.07.13"]
[PlyCount "86"]

1.e4 Nf6 2.Nc3 e5 3.Nf3 Nc6 4.Bb5 Bb4 5.O-O O-O 6.d3 d6 7.Bg5 Bxc3 8.bxc3 
Qe7 9.Re1 Nd8 10.d4 Ne6 11.Bc1 c5 12.Bf1 Qc7 13.g3 Kh8 14.h3 Bd7 15.d5 Nd8
16.Nh4 Qa5 17.Bg5 Ng8 18.Bd2 Qa4 19.f4 f6 20.f5 Be8 21.Be2 g5 22.fxg6 hxg6
23.Rb1 Kg7 24.Bg4 Ne7 25.Rb2 b6 26.Qf3 Nb7 27.Rf1 Bd7 28.Rf2 Na5 29.Qe2 
Rh8 30.Rb1 Raf8 31.Rbf1 Bb5 32.Qe1 Bxf1 33.Kxf1 Qxa2 34.Kg2 Nc4 35.Bc1 a5 
36.Be6 g5 37.Qe2 Qb1 38.Rf1 Qa2 39.Rf2 Qa1 40.Qxc4 Qxc1 41.Nf3 f5 42.Qa2 
Rxh3 43.Nh4 Qh1# 0-1

[Event "11th IBM tournament"]
[Site "Amsterdam NED"]
[Date "1971.07.23"]
[Round "9"]
[White "Donner, Jan"]
[Black "Hartoch, Robert"]
[WhiteElo "2500"]
[BlackElo "2400"]
[Result "1/2-1/2"]
[EventDate "1971.07.13"]
[PlyCount "81"]

1.d4 Nf6 2.c4 c5 3.d5 d6 4.Nc3 g6 5.e4 Bg7 6.Be2 O-O 7.Nf3 e6 8.O-O exd5 
9.cxd5 Re8 10.Nd2 Na6 11.f3 Nc7 12.a4 b6 13.Nc4 Ba6 14.Bg5 h6 15.Be3 Bxc4 
16.Bxc4 a6 17.Qd2 Kh7 18.Rae1 Rb8 19.Bd3 b5 20.axb5 axb5 21.b4 c4 22.Bb1 
Ra8 23.Bd4 Ra3 24.f4 Qd7 25.Rf3 Rb3 26.Bc2 Rxb4 27.Rd1 Rb2 28.e5 Rxc2 29.
Qxc2 Nfxd5 30.Ne4 dxe5 31.fxe5 Ne6 32.Qf2 Re7 33.Bc3 Qb7 34.Nf6+ Bxf6 35.
exf6 Rd7 36.Bd2 g5 37.Re1 Ndf4 38.h4 Qd5 39.Bxf4 gxf4 40.Qc2+ Kh8 41.Rxf4 
1/2-1/2

[Event "11th IBM tournament"]
[Site "Amsterdam NED"]
[Date "1971.07.24"]
[Round "10"]
[White "Donner, Jan"]
[Black "Ree, Hans"]
[WhiteElo "2500"]
[BlackElo "2430"]
[Result "1/2-1/2"]
[EventDate "1971.07.13"]
[PlyCount "26"]

1.d4 Nf6 2.c4 g6 3.Nc3 d5 4.Nf3 Bg7 5.cxd5 Nxd5 6.Bd2 c5 7.Rc1 Nxc3 8.bxc3
cxd4 9.Nxd4 O-O 10.e3 Qd5 11.Qb3 Qxb3 12.axb3 Bd7 13.Be2 Nc6 1/2-1/2

[Event "11th IBM tournament"]
[Site "Amsterdam NED"]
[Date "1971.07.26"]
[Round "11"]
[White "Scholl, Eduard"]
[Black "Ivkov, Borislav"]
[WhiteElo "2430"]
[BlackElo "2560"]
[Result "0-1"]
[EventDate "1971.07.13"]
[PlyCount "130"]

1.e4 c5 2.Nf3 d6 3.d4 cxd4 4.Nxd4 Nf6 5.Nc3 a6 6.Be2 e5 7.Nb3 Be7 8.O-O 
Be6 9.f4 Qc7 10.a4 Nbd7 11.f5 Bc4 12.a5 b5 13.axb6 Nxb6 14.Kh1 O-O 15.Be3 
Rfc8 16.Bxb6 Qxb6 17.Bxc4 Rxc4 18.Qe2 Rac8 19.Ra2 Bd8 20.Rfa1 Qb7 21.Ra4 
Rxa4 22.Rxa4 Rc6 23.Qd3 g6 24.fxg6 hxg6 25.Ra1 Kg7 26.h3 Nh5 27.Nd5 Qb5 
28.Rd1 Bg5 29.g4 Nf4 30.Nxf4 Bxf4 31.Qxb5 axb5 32.c3 Rc4 33.Re1 b4 34.Na5 
Rc8 35.c4 Bg5 36.Rd1 Bd8 37.Nb7 Be7 38.b3 Rc6 39.Rd5 f5 40.gxf5 gxf5 41.
exf5 Kf6 42.Kg2 Kxf5 43.h4 Ra6 44.h5 Ra2+ 45.Kg1 Ke6 46.h6 Ra8 47.Na5 Rh8 
48.Nc6 Bg5 49.Nxb4 Bxh6 50.Nc2 Ra8 51.Rd3 Bf4 52.b4 Ra2 53.Ne3 e4 54.Rb3 
Bxe3+ 55.Rxe3 Ke5 56.b5 Rb2 57.Rc3 Rb1+ 58.Kf2 Kd4 59.Re3 Rb4 60.Re1 Rxc4 
61.Rb1 Rc7 62.b6 Rb7 63.Rd1+ Ke5 64.Rb1 d5 65.Rb4 Kd6 0-1

[Event "11th IBM tournament"]
[Site "Amsterdam NED"]
[Date "1971.07.27"]
[Round "12"]
[White "Donner, Jan"]
[Black "Gligoric, Svetozar"]
[WhiteElo "2500"]
[BlackElo "2600"]
[Result "1/2-1/2"]
[EventDate "1971.07.13"]
[PlyCount "32"]

1.d4 Nf6 2.c4 g6 3.Nc3 Bg7 4.e4 d6 5.Be2 O-O 6.Bg5 h6 7.Be3 c5 8.d5 e6 9.
dxe6 Bxe6 10.Qd2 Kh7 11.h3 Nc6 12.Nf3 Qe7 13.O-O Rad8 14.Rad1 Rfe8 15.Rfe1
Qf8 16.Bf4 Nd4 1/2-1/2

[Event "11th IBM tournament"]
[Site "Amsterdam NED"]
[Date "1971.07.29"]
[Round "14"]
[White "Browne, Walter Shawn"]
[Black "Bobotsov, Milko"]
[WhiteElo "2500"]
[BlackElo "2485"]
[Result "1-0"]
[EventDate "1971.07.13"]
[PlyCount "82"]

1.e4 c5 2.Nf3 e6 3.Nc3 a6 4.d4 cxd4 5.Nxd4 Nc6 6.g3 d6 7.Bg2 Bd7 8.O-O Nf6
9.Re1 Be7 10.Nxc6 Bxc6 11.a4 O-O 12.Be3 Qc7 13.a5 Nd7 14.Na4 Nc5 15.Nb6 
Rad8 16.Bd4 Rfe8 17.c4 e5 18.Be3 Qb8 19.Nd5 Bxd5 20.cxd5 b5 21.b4 Nd7 22.
Rc1 Rc8 23.Re2 Rc4 24.Rxc4 bxc4 25.Qa4 Qb5 26.Qxb5 axb5 27.Ra2 Ra8 28.Bh3 
Nf6 29.f3 Bd8 30.a6 Kf8 31.a7 Ke7 32.Bc8 Rxc8 33.a8=Q Rxa8 34.Rxa8 Ne8 35.
Rb8 Nc7 36.Kf1 Kd7 37.Bb6 g6 38.Bxc7 Bxc7 39.Rxb5 Kc8 40.Ke2 f5 41.Kd2 h5 
1-0

[Event "11th IBM tournament"]
[Site "Amsterdam NED"]
[Date "1971.07.29"]
[Round "14"]
[White "Uhlmann, Wolfgang"]
[Black "Gligoric, Svetozar"]
[WhiteElo "2570"]
[BlackElo "2600"]
[Result "1/2-1/2"]
[EventDate "1971.07.13"]
[PlyCount "136"]

1.d4 Nf6 2.c4 g6 3.Nc3 Bg7 4.e4 d6 5.Be2 O-O 6.Bg5 h6 7.Be3 c5 8.dxc5 Qa5 
9.Bd2 Qxc5 10.Nf3 Nc6 11.h3 Nd4 12.Nxd4 Qxd4 13.Qc2 Be6 14.O-O Qc5 15.Be3 
Qa5 16.Rac1 Rfc8 17.b3 Nd7 18.Qd2 Kh7 19.Nd5 Qxd2 20.Bxd2 Bxd5 21.exd5 Nc5
22.Rfe1 a5 23.Bf1 Rc7 24.Be3 Bb2 25.Rc2 Ba3 26.Bd4 e5 27.dxe6 Nxe6 28.Bf6 
d5 29.Rd1 d4 30.Be2 Be7 31.Be5 Rd7 32.Bf3 f6 33.Bg3 Bc5 34.Bd5 Ng7 35.Bf4 
Nh5 36.Bc1 f5 37.Bb2 Nf6 38.Bxd4 Bxd4 39.Rxd4 Rad8 40.Rdd2 Kg7 41.Re2 Nxd5
42.cxd5 Kf7 43.Re5 Rxd5 44.Rc7+ Kf6 45.Ree7 Rd1+ 46.Kh2 Rf1 47.Rf7+ Kg5 
48.Rc2 h5 49.g3 h4 50.Kg2 Rdd1 51.gxh4+ Kxh4 52.Rc4+ Kg5 53.h4+ Kh6 54.
Rxb7 Rh1 55.Ra7 Rdg1+ 56.Kf3 Rh3+ 57.Ke2 Rb1 58.Rd7 Ra1 59.Ra4 Rc1 60.Rd2 
Rc5 61.Kf1 Rc1+ 62.Kg2 Rch1 63.Rd5 R1h2+ 64.Kf1 Rf3 65.Rd2 f4 66.Rxa5 Rc3 
67.Kg1 Rch3 68.Rd3 Rh1+ 1/2-1/2